Vzdelávacia práca s nezamestnanými

Fenomén nezamestnanosť - Harrisonova krivka duševnej stability. Jednotlivé fázy duševnej stability nezamestnanosti. Metódy výučby používané v kurzoch pre nezamestnaných.

Salvato in:
Dettagli Bibliografici
Autore principale: Kubišová, Mária
Natura: Capitolo di libro
Lingua:slovacco
Soggetti:
Tags: Aggiungi Tag
Nessun Tag, puoi essere il primo ad aggiungerne!!

MARC

LEADER 00000naa a2200000 4500
001 r044588
005 20230918124004.8
041 0 |a slo 
044 |a SK 
245 1 0 |a Vzdelávacia práca s nezamestnanými  |c Mária Kubišová 
520 |a Fenomén nezamestnanosť - Harrisonova krivka duševnej stability. Jednotlivé fázy duševnej stability nezamestnanosti. Metódy výučby používané v kurzoch pre nezamestnaných. 
610 2 0 |a sprostredkovanie práce 
610 2 0 |a sprostredkovatelia 
610 2 0 |a vzdelávanie 
610 2 0 |a nezamestnanosť dlhodobá 
610 2 0 |a metódy 
100 1 |a Kubišová, Mária